| 000 | 00000nam 2200000za 4500 |
| 001 | 9.874457 |
| 003 | CaOODSP |
| 005 | 20230111103319 |
| 006 | m go d f |
| 007 | cr ||||||||||| |
| 008 | 190607e19990125onc |||#o f000 0 fre d |
| 040 | |aCaOODSP|bfre |
| 043 | |an-cn--- |
| 086 | 1 |aYM32-6/99-3F-PDF |
| 100 | 1 |aPilon, Marilyn, |eauteur. |
| 245 | 10|aÂge requis au Canada pour consentir à des actes sexuels / |crédaction, Marilyn Pilon, Division du droit et du gouvernement. |
| 264 | 0|a[Ottawa] : |b[Direction de la recherche parlementaire, Bibliothèque du Parlement], |cLe 25 janvier 1999. |
| 300 | |a1 ressource en ligne (8 pages non numérotées) |
| 336 | |atexte|btxt|2rdacontent/fre |
| 337 | |ainformatique|bc|2rdamedia/fre |
| 338 | |aressource en ligne|bcr|2rdacarrier/fre |
| 490 | 1 |a[Les études générales modulaires] ; |vPRB 99-3F |
| 500 | |aTitre de départ. |
| 500 | |aPublié aussi en anglais sous le titre : Canada's legal age of consent to sexual activity. |
| 504 | |aComprend des références bibliographiques. |
| 520 | 0 |a« Dans ce document, nous retraçons les origines des lois qui régissent actuellement l’âge requis au Canada pour consentir à des actes sexuels et présentons certains des arguments pour ou contre l’idée de porter de 14 à 16 ans l’âge légal pour consentir à ces actes. » |
| 692 | 07|2gccst|aInfraction sexuelle |
| 692 | 07|2gccst|aDroit criminel |
| 710 | 1 |aCanada.|bBibliothèque du Parlement. |bDirection de la recherche parlementaire. |
| 775 | 08|tCanada's legal age of consent to sexual activity / |w(CaOODSP)9.874451 |
| 794 | |tÂge requis au Canada pour consentir à des actes sexuels |w(CaOODSP)9.593909 |
| 830 | #0|a[Les études générales modulaires]|vPRB 99-3F|w(CaOODSP)9.501321 |
| 856 | 40|ahttp://publications.gc.ca|qPDF|s207 Ko|uhttps://publications.gc.ca/collections/collection_2019/bdp-lop/bp/YM32-6-99-3-fra.pdf|yPRB 99-3F |